00749cam a2200217 a 450000100100000000500170001000800410002704000250006804100130009308200170010610000370012324000240016024500610018426000300024530000210027565000280029665000320032470000350035695201250039199900150051600000437220200929151431.0830303s1949 mx 000 f spa  aDO-SdBNPbspacBNPHU17aspaheng a891.62bU39J1 aJoyce, James,d1882-1941.91287710aUlysses.lEspañol10aUlises / :bJames Joyce ; tradución, J. Salas Subirat. aMéxico :bDiana,c1949. a833 p. ;c20 cm. 4aNovela irlandesa911511 4aLiteratura irlandesa9115121 aSalas Subirat, J.,etr.912878 001053728MOaGRbGRcCTd2009-07-21iLF1l0o891.62 U39Jp4372-10r2020-06-25te.2w2020-06-25y2ZPréstamo interno c4181d4181